Poesías

Uloženo v:
Podrobná bibliografie
Hlavní autor: Quintana, Manuel José
Médium: Kniha
Jazyk:Undetermined
Vydáno: Madrid, España Espasa-Calpe 1969
Témata:
Tagy: Přidat tag
Žádné tagy, Buďte první, kdo vytvoří štítek k tomuto záznamu!

MARC

LEADER 00000nam a2200000Ia 4500
008 170316s9999 xx 000 0 und d
040 |a cru BVZT 
090 |a 862 Q-3p 
100 |a Quintana, Manuel José 
245 |a Poesías 
260 |a Madrid, España  |b Espasa-Calpe  |c 1969 
300 |a 204 páginas 
650 |a LITERATURA ESPAÑOLA 
999 |c 10328  |d 10328 
942 |c 15 D  |h 862 Q-3p  |2 z